تحميل...
Dignity for all: essays in socialism and democracy
| المؤلف الرئيسي: | |
|---|---|
| التنسيق: | Printed Book |
| منشور في: |
New Delhi, Ajanta Publications
1991
|
| LEADER | 004610000a22001450004500 | ||
|---|---|---|---|
| 020 | |a 81-202-0318-6 | ||
| 082 | |a 320.53 N1 | ||
| 100 | |a George Mathew; Ed | ||
| 245 | |a Dignity for all: essays in socialism and democracy | ||
| 260 | |a New Delhi, Ajanta Publications | ||
| 260 | |c 1991 | ||
| 465 | |a R 195 | ||
| 942 | |c BK | ||
| 999 | |c 5751 |d 5751 | ||
| 952 | |0 0 |1 0 |4 0 |6 320_530000000000000_N1 |7 0 |8 ENG |9 5543 |a MGUL |b MGUL |d 2013-07-16 |e R 195 |l 0 |o 320.53 N1 |p 12968 |r 2019-03-26 |w 2013-07-16 |y BK | ||